| 000 | 00415 a2200121 4500 | ||
|---|---|---|---|
| 001 | ART_49534 | ||
| 005 | 20260410162014.0 | ||
| 008 | 260409a | ||
| 245 | 1 | 0 | _aLa defensa de los usuarios de servicios públicos esenciales en el ámbito judicial |
| 100 | 1 | _aMielnicki, Diego | |
| 700 | 1 | _aRoitman, Facundo J. | |
| 773 | 0 |
_tTemas de derecho administrativo _g- Año 4, N° 9 (sep. 2019) _wREV40468 |
|
| 999 |
_c32464 _d32464 |
||